01207nam a22002897a 4500003000400000005001700004008004100021040002200062082001800084100002500102245003000127260006000157300002100217366000800238490003100246505011300277505013800390505001200528650005500540650004700595650004800642650004300690650004500733650005600778650004700834700003600881OSt20230616103048.0221006b |||||||| |||| 00| 0 eng d cBiblioteca Lado V a709.05bG851a aGriffin, Timeeditor aArtforum/bInternacional/ aNew Yorkc2007bNew York editorial and business offices c26.5x27cma406p. eeng aNoviembrev2007x0864-1315 tCOLUMNSaLetters Editor's Letter Custome Made Passages Film On Site Books Media Soud Slant Top Ten tFEATURESaField Trips Sings and Wonders Modernist Persuasion 1000 Words Ghost in the Machine Tone Poems Openings Nathan Hylden tREVIEWS 2Tesauro de Arte & ArquitecturaaARTE COMTEMPORANEO 2Tesauro de Arte & ArquitecturaaFOTOGRAFIA 2Tesauro de Arte & ArquitecturaaARTE VISUAL 2Tesauro de Arte & ArquitecturaaLIBROS 2Tesauro de Arte & ArquitecturaaNOTICIAS 2 Tesauro de Arte & ArquitecturaaARTE INTERNACIONAL 2 Tesauro de Arte & ArquitecturaaESCULTURA aNavarreta, Jose Antonioeeditor